000 00426nam a22001697a 4500
005 20160523170302.0
008 160523b xxu||||| |||| 00| 0 eng d
020 _a81-203-2241-X
041 _aeng
082 _b4457
100 _aGibsoni , Jerry D
_91095
245 _aMultimedia Communicational
260 _aNew Delhi
_bAcademic Faundation
_c2001
300 _a310
650 _aInformation Technology
_9137
942 _cBK
999 _c1488
_d1488